Statistics for Spanish 100 most used verbs

Click here to take the quiz!

General Stats

  • This quiz has been taken 106 times
  • The average score is 75 of 194

Answer Stats

HintAnswer% Correct
AcceptAceptar
94%
Do | MakeHacer
87%
BuyComprar
86%
OpenAbrir
84%
GoIr
84%
EatComer
83%
PayPagar
83%
ComeVen
83%
BelieveCreer
81%
BeginEmpezar
79%
ArriveLlegar
79%
AdmitAdmitir
76%
LikeGustar
76%
Look | Regard | WatchMirar
76%
CostCostar
75%
Say | StateDecir
75%
ContinueContinuar
73%
CutCortar
73%
PreparePreparar
73%
RememberRecordar
73%
AskPedir
71%
PreferPreferir
71%
LaughReir
71%
LiveVivir
71%
LearnAPrender
70%
BuildConstruir
68%
CleanLimpiar
68%
ProduceProducir
68%
SeeVer
68%
GiveDar
67%
Have | OwnTener
67%
AffectAfectar
65%
LoveAmar
65%
RunCorrer
65%
Expect | Hope | WaitEsperar
65%
FeelSentir
65%
HelpAyudar
63%
ListenEscuchar
63%
Speak | TalkHablar
63%
Play | TouchTocar
63%
FlyVolar
63%
DiscoverDescubrir
60%
SendEnviar
60%
InviteInvitar
60%
MoveMover
60%
ForgetOlvidar
59%
KnowSaber
59%
DescribeDescribir
57%
NeedNecesitar
57%
UseUsar
57%
SellVender
57%
Find | MeetEncontrar
56%
FinishTerminar
56%
RreturnVolver
56%
SingCanta
54%
ContributeContribuir
54%
ControlControlar
54%
CreateCrear
54%
CrossCruzar
54%
SleepDormir
54%
WriteEscribir
54%
WantQuerer
54%
RepeatRepetir
54%
DependDepender
52%
CarryLlevar
52%
HearOir
52%
ReceiveRecibir
52%
SmileSonreir
52%
FallCaer
51%
MustDeber
51%
LeaveSalir
51%
SitSentar
51%
LimitLimitar
49%
DriveManejar
49%
DenyNegar
49%
ProtectProteger
49%
TravelViajar
49%
VisitVisitar
49%
ConsistConsistir
48%
PushEmpujar
48%
ImagineImagina
48%
OrderOrdenar
48%
Answer | ReplyResponder
48%
FormFormar
46%
WinGanar
46%
ShowMostrar
46%
StartComenzar
44%
Avoid | PreventEvitar
44%
StudyEstudiar
43%
OfferOfrecer
43%
LendPrestar
43%
TakeTomar
43%
AllowPermitir
41%
Treat | TryTratar
41%
UnderstandEntender
40%
ReduceReducir
38%
ResultResultar
38%
WalkAndar
37%
CompleteCompletar
37%
EnjoyDisfrutar
37%
InfrormInformar
35%
SoundSonar
35%
ApplyAplicar
32%
GrowCrecer
29%
ReportReportar
27%
SaveSalvar
27%
MentionMencionar
25%
RevealRevelar
24%
LastDurar
21%
ExistExiste
21%
DamageDanar
19%
AchieveLograr
19%
ComplainQuejar
17%
DisappearDesaparecer
16%
ShareCompartir
14%
CorrectCorrectar
14%
HideEsconder
14%
MindImportar
14%
MeasureMedir
14%
GetObtener
14%
ChooseEscoger
13%
RecordGrabar
13%
ForgivePerdonar
13%
ReachAlcanzar
11%
CheckCheque
11%
MeanSignificar
11%
PointApuntar
10%
TellContar
10%
DevelopDesarollar
10%
ArgueDiscutir
10%
DeliverEntregar
10%
TurnGirar
10%
RiseSubir
10%
DrinkBebida
8%
Keep | ProvideMantener
8%
PressPresionar
8%
SuggestSugerir
8%
BecomeVolverse
8%
ChangeCambio
6%
ShootDisparar
6%
InfluenceInfluenciar
6%
ImproveMejorar
6%
FollowSeugir
6%
ClearClaro
5%
DestroyDestruit
5%
HappenOccurir
5%
ArrangeOrganizar
5%
CollectRecoger
5%
DressVestido
5%
CareCuidado
3%
AgreeDe acuerdo
3%
IdentityIdentidad
3%
CallLlamada
3%
AffordPermitirse
3%
CausePorque
3%
ReplaceReemplazar
3%
SupposeSuposar
3%
DealAcuerdo
2%
EncourageAnimar
2%
CatchCaptura
2%
FaceDar a
2%
ExperienceExperiencia
2%
ExplainExplique
2%
MatterImporter
2%
StandParar
2%
WonderPreguntarse
2%
PerformRealizar
2%
SetConjunto
0%
RemoveEliminar
0%
ExpressExprimir
0%
InvolveImplicar
0%
IncreaseIncrementar
0%
RelateRelacionarse
0%
RevealRevlear
0%
SurviveSobervivir
0%
ReleaseSoltar
0%
HoldSostener
0%
SupplySuministrar
0%
SuccedTriundar
0%
JoinUnirse
0%

Score Distribution

Percentile by Number Answered

Percent of People with Each Score

Your Score History

You have not taken this quiz